NHL Alternate Captains - Statistics

General Stats
  • This quiz has been taken 21 times
  • The average score is 23 of 89
Answer Stats
Hint Answer % Correct
Edmonton Oilers Leon Draisaitl
81%
Boston Bruins Charlie McAvoy
63%
New Jersey Devils Jack Hughes
63%
Colorado Avalanche Nathan MacKinnon
63%
New York Rangers Artemi Panarin
56%
Colorado Avalanche Cale Makar
56%
Pittsburgh Penguins Evgeni Malkin
56%
Florida Panthers Matthew Tkachuk
56%
Boston Bruins David Pastrnak
50%
Nashville Predators Filip Forsberg
50%
Toronto Maple Leafs John Tavares
50%
Toronto Maple Leafs Mitch Marner
50%
Florida Panthers Aaron Ekblad
44%
Edmonton Oilers Darnell Nurse
44%
Calgary Flames Jonathan Huberdeau
44%
Pittsburgh Penguins Kris Letang
44%
Edmonton Oilers Ryan Nugent-Hopkins
44%
Carolina Hurricanes Sebastian Aho
44%
Dallas Stars Tyler Seguin
44%
Columbus Blue Jackets Zach Werenski
44%
Montreal Canadiens Brendan Gallagher
38%
New York Rangers Chris Kreider
38%
New York Rangers Mika Zibanejad
38%
Tampa Bay Lightning Nikita Kucherov
38%
Chicago Blackhawks Seth Jones
38%
Buffalo Sabres Tage Thompson
38%
New York Rangers Adam Fox
31%
New York Islanders Brock Nelson
31%
Los Angeles Kings Drew Doughty
31%
Dallas Stars Miro Heiskanen
31%
Calgary Flames Nazem Kadri
31%
Dallas Stars Roope Hintz
31%
Vegas Golden Knights William Karlsson
31%
New York Islanders Bo Horvat
25%
Vancouver Canucks Brock Boeser
25%
Carolina Hurricanes Jaccob Slavin
25%
Washington Capitals John Carlson
25%
Minnesota Wild Marcus Foligno
25%
Winnipeg Jets Mark Scheifele
25%
Toronto Maple Leafs Morgan Reilly
25%
Calgary Flames Rasmus Andersson
25%
Ottawa Senators Thomas Chabot
25%
Philadelphia Flyers Travis Konecny
25%
Buffalo Sabres Alex Tuch
19%
Detroit Red Wings Ben Chiarot
19%
Calgary Flames Blake Coleman
19%
Ottawa Senators Claude Giroux
19%
St. Louis Blues Colton Parayko
19%
Chicago Blackhawks Connor Murphy
19%
Colorado Avalanche Devon Toews
19%
Vancouver Canucks Elias Pettersson
19%
Carolina Hurricanes Jordan Martinook
19%
Calgary Flames MacKenzie Weegar
19%
Montreal Canadiens Mike Matheson
19%
New Jersey Devils Ondrej Palat
19%
Los Angeles Kings Phillip Danault
19%
Nashville Predators Ryan O'Reilly
19%
Anaheim Ducks Ryan Strome
19%
Washington Capitals T.J. Oshie
19%
Seattle Kraken Adam Larsson
13%
Anaheim Ducks Alex Killorn
13%
Detroit Red Wings Andrew Copp
13%
Detroit Red Wings David Perron
13%
Columbus Blue Jackets Erik Gudbranson
13%
Dallas Stars Esa Lindell
13%
Vegas Golden Knights Jack Eichel
13%
Utah Hockey Club Lawson Crouse
13%
San Jose Sharks Mario Ferraro
13%
Buffalo Sabres Mattias Samuelsson
13%
Washington Capitals Nicklas Backstrom
13%
St. Louis Blues Robert Thomas
13%
Philadelphia Flyers Scott Laughton
13%
Columbus Blue Jackets Sean Kuraly
13%
Washington Capitals Tom Wilson
13%
San Jose Sharks Tyler Toffoli
13%
Seattle Kraken Yanni Gourde
13%
Vegas Golden Knights Alex Pietrangelo
6%
San Jose Sharks Barclay Goodrow
6%
Buffalo Sabres Dylan Cozens
6%
Seattle Kraken Jaden Schwartz
6%
Winnipeg Jets Josh Morrissey
6%
St. Louis Blues Justin Faulk
6%
San Jose Sharks Luke Kunin
6%
Seattle Kraken Matty Beniers
6%
Tampa Bay Lightning Ryan McDonagh
6%
Vancouver Canucks Tyler Myers
6%
Utah Hockey Club Alexander Kerfoot
0%
Minnesota Wild Kirill Kaprisov
0%
Utah Hockey Club Mikhail Sergachev
0%
No matching quizzes found
Score Distribution
Percent of People with Each Score
Percentile by Number Answered
Your Score History
You have not taken this quiz